[Event "Titled Tuesday intern op 06th Dec Early"]
[Site "Chess.com INT"]
[Date "2022.12.06"]
[Round "5"]
[White "Chernomordik, Pavel"]
[Black "Ray, Sarathi"]
[Result "1-0"]
[WhiteElo "2198"]
[BlackElo "1999"]
[PlyCount "33"]
[EventDate "2022.12.06"]
[EventType "swiss (blitz)"]
[EventRounds "11"]
[EventCountry "USA"]
[SourceTitle "CBM 211 Extra"]
[Source "ChessBase"]
[SourceDate "2023.01.31"]
[SourceVersion "1"]
[SourceVersionDate "2023.01.31"]
[SourceQuality "1"]

1. e4 c5 2. Nc3 Nc6 3. Bb5 Nd4 4. Bc4 e6 5. Nge2 Nc6 6. 0-0 g6 7. d4 cxd4 8. Nxd4 Bg7 9. Ndb5 Bf8 10. Bf4 e5 11. Qd5 Qe7 12. Bg5 f6 13. Be3 Kd8 14. Qd2 Qb4 15. Bb3 a6 16. Bb6+ Ke7 17. Nd5+ 1-0